Estatísticas para Moeda - Continente - Americano

Clique aqui para jogar o quiz

Estatísticas Gerais

  • Esse quiz foi jogado 46 vezes
  • A pontuação média é 21 de 35

Estatísticas das Respostas

PaisCod. / FraccaoMoeda% Correto
CanadaCND / CentimoDolar
100%
GuianaGYD / CentimoDolar
100%
BarbadosBBD / CentimoDolar
100%
JamaicaJMD / CentimoDolar
100%
BahamasBSD / CentimoDolar
100%
EUAUSD / CentimoDolar
100%
EquadorUSD / CentimoDolar
100%
SurinameSRD / CentimoDolar
100%
Trinidade e TobagoTTD / CentimoDolar
100%
BelizeBZD / CentimoDolar
100%
El SalvadorUSD / CentimoDolar
100%
ColombiaCOP / CentavoPeso
97%
MexicoMXN / CentavoPeso
97%
Republica DominicanaDOP / CentavoPeso
97%
CubaCUC / CUP / CentavoPeso
97%
UruguaiUYU / CentesimoPeso
97%
ChileCLP / CentavoPeso
97%
ArgentinaARS / CentavoPeso
97%
BrasilBRL / CentavoReal
97%
VenezuelaVEF / CentimoBolivar
58%
ParaguaiPYG / CentimoGuarani
45%
BoliviaBOB / CentavoBoliviano
32%
GuatemalaGTQ / CentavoQuetzal
26%
PeruPEN / CentimoNovo Sol
23%
PanamaPAB / USF / CentesimoBalboa / Dolar
16%
Costa RicaCRC / CentimoColon
16%
NicaraguaNIO / CentavoCordoba
13%
HondurasHNL / CentavoLempira
10%
HaitiHTG / CentimoGurde
6%
Antigua e BarbudaXCD / CentimoDolar Caraibas Ocidentais
0%
Sao Cristovao e NevesXCD / CentimoDolar Caraibas Ocidentais
0%
DominicaXCD / CentimoDolar Caraibas Ocidentais
0%
Santa LuciaXCD / CentimoDolar Caraibas Ocidentais
0%
Sao Vicente e a GrenadinasXCD / CentimoDolar Caraibas Ocidentais
0%
GranadaXCD / CentimoDolar Caraibas Ocidentais
0%

Distribuição das Pontuações

Percentil de Números Respondidos

Porcentagem de Pessoas com Cada Pontuação

Sua Pontuação Histórica

Você não jogou esse quiz